01013nam a2200241 a 450000100060000000300080000600500170001400800390003103500190007004000270008904100080011608200280012410000390015224500890019126000440028030000420032450400360036661000420040294200120044499900170045695201500047395201480062331668BD-RjUL20211209051731.0140421s1988 ii b b 001 0 eng a(BD-RjUL)31756 aDLCcDLCdBD-RjULbeng aeng00a266.25414220bKOH 19881 aKottuppallil, Georged1947-99636310aHistory of the Catholic missions in central Bengal 1855-1886 /cGeorge Kottuppallil. aShillong :bVendrame Institute,cc1988. axxiii, 339 p. :bill., maps ;c22 cm. aInclude bibliography and index.20aCatholic ChurchzIndiazBengal996386 2ddccBK c31668d31668 00102ddc40718NFICaRUCLbRUCLcReadingd1996-07-27eAnkur Prokashonig175.00l0o266.25414 KOH 1988r2014-04-21 00:00:00tC-1w2014-04-21yBK 00102ddc40708NFICaRUCLbRUCLcStackd1996-07-27eAnkur Prokashonig175.00l0o266.25414 KOH 1988r2014-04-21 00:00:00tC-2w2014-04-21yBK